书目信息 |
| 题名: |
清稗类钞
|
|
| 作者: | 徐珂 编 | |
| 分册: | 第十一册 | |
| 出版信息: | 北京 中华书局 1986.7 |
|
| 页数: | 5011-6544页 | |
| 开本: | 20cm | |
| 丛书名: | ||
| 单 册: | ||
| 中图分类: | K249.6 | |
| 科图分类: | ||
| 主题词: | 中国--历史 | |
| 电子资源: | ||
| ISBN: | ||
| 000 | 00537nam0 2200205 45 | |
| 001 | 0312221749 | |
| 005 | 20040509093759.3 | |
| 010 | @dCNY3.15 | |
| 091 | @a11018.1091-11 | |
| 100 | @a20031222d1986 km y0chiy0120 ea | |
| 101 | @achi | |
| 105 | @a z 000yy | |
| 200 | 1 | @a清稗类钞@h第十一册@AQing Bai Lei Chao@f徐珂编@FXu Ke Bian |
| 210 | @a北京@c中华书局@d1986.7 | |
| 215 | @a5011-6544页@d20cm | |
| 606 | 0 | @a中国@x历史 |
| 690 | @aK249.6@v3 | |
| 701 | 0 | @a徐珂@4编 |
| 801 | @aCN@bTSTCL@c20031222 | |
| 905 | @dK249.6@e19:11@f1@b166597 | |
| 清稗类钞.第十一册/徐珂编.-北京:中华书局,1986.7 |
| 5011-6544页;20cm |
| ISBN :CNY3.15 |
| ● |
| 相关链接 |
|
|
|
|
正题名:清稗类钞
索取号:K249.6/19:11
 
预约/预借
| 序号 | 登录号 | 条形码 | 馆藏地/架位号 | 状态 | 备注 |
| 1 | 0166597 | 000921729 | 第二借阅区/ [索取号:K249.6/19:11] | 在馆 | |
| 2 | 0166598 | 000921658 | 第二样本阅览室/ [索取号:K249.6/19:11] | 在馆 |